<?xml version="1.0" encoding="UTF-8"?>
<record
    xmlns:xsi="http://www.w3.org/2001/XMLSchema-instance"
    xsi:schemaLocation="http://www.loc.gov/MARC21/slim http://www.loc.gov/standards/marcxml/schema/MARC21slim.xsd"
    xmlns="http://www.loc.gov/MARC21/slim">

  <leader>00662nam a2200169Ia 4500</leader>
  <controlfield tag="008">090711s9999    xx            000 0 und d</controlfield>
  <datafield tag="082" ind1=" " ind2=" ">
    <subfield code="b">553</subfield>
  </datafield>
  <datafield tag="100" ind1=" " ind2=" ">
    <subfield code="a">&#x920;&#x93E;&#x915;&#x941;&#x930; &#x92E;&#x927;&#x941;&#x915;&#x930;</subfield>
  </datafield>
  <datafield tag="245" ind1=" " ind2=" ">
    <subfield code="a">&#x936;&#x94D;&#x930;&#x940; &#x915;&#x94D;&#x937;&#x947;&#x924;&#x94D;&#x930; &#x917;&#x93E;&#x923;&#x917;&#x93E;&#x92A;&#x942;&#x930;&#x93E;&#x924;&#x940;&#x932; (&#x926;&#x924;&#x94D;&#x924;&#x93E;&#x908;)</subfield>
  </datafield>
  <datafield tag="260" ind1=" " ind2=" ">
    <subfield code="c">1997</subfield>
  </datafield>
  <datafield tag="300" ind1=" " ind2=" ">
    <subfield code="a">98</subfield>
  </datafield>
  <datafield tag="600" ind1=" " ind2=" ">
    <subfield code="a">&#x920;&#x93E;&#x915;&#x941;&#x930; &#x92E;&#x927;&#x941;&#x915;&#x930;</subfield>
  </datafield>
  <datafield tag="630" ind1=" " ind2=" ">
    <subfield code="a">&#x936;&#x94D;&#x930;&#x940; &#x915;&#x94D;&#x937;&#x947;&#x924;&#x94D;&#x930; &#x917;&#x93E;&#x923;&#x917;&#x93E;&#x92A;&#x942;&#x930;&#x93E;&#x924;&#x940;&#x932; (&#x926;&#x924;&#x94D;&#x924;&#x93E;&#x908;)</subfield>
  </datafield>
  <datafield tag="700" ind1=" " ind2=" ">
    <subfield code="a">&#x920;&#x93E;&#x915;&#x941;&#x930; &#x92E;&#x927;&#x941;&#x915;&#x930;</subfield>
  </datafield>
  <datafield tag="730" ind1=" " ind2=" ">
    <subfield code="a">&#x936;&#x94D;&#x930;&#x940; &#x915;&#x94D;&#x937;&#x947;&#x924;&#x94D;&#x930; &#x917;&#x93E;&#x923;&#x917;&#x93E;&#x92A;&#x942;&#x930;&#x93E;&#x924;&#x940;&#x932; (&#x926;&#x924;&#x94D;&#x924;&#x93E;&#x908;)</subfield>
  </datafield>
  <datafield tag="942" ind1=" " ind2=" ">
    <subfield code="c">BOOK</subfield>
  </datafield>
  <datafield tag="999" ind1=" " ind2=" ">
    <subfield code="c">324048</subfield>
    <subfield code="d">324048</subfield>
  </datafield>
</record>
